| 000 | 00752nam a2200253Ia 4500 | ||
|---|---|---|---|
| 008 | 181129s9999 xx 000 0 und d | ||
| 020 | _a9781786071187 | ||
| 050 | _bS137 2006 | ||
| 100 | _aSaint Exupery, Antoine de | ||
| 245 | 4 | _aThe return of the young Prince / | |
| 245 | 0 | _cby Antoine deSaint Exupery ; A. G. Roemmers ; illustrated by Pietari Posti ; translated from the Spanish by Oliver Brock. | |
| 260 | _aNew York, NY : | ||
| 260 | _bOneworld, | ||
| 260 | _c2016 | ||
| 300 | _a157 pages : | ||
| 300 | _billustrations ; | ||
| 300 | _c19cm. | ||
| 650 | _aPrinces. | ||
| 650 | _aSaint-Exupery, Antoine de, 1900-1944. | ||
| 700 | _aBrock, Oliver. | ||
| 700 | _aPosti, Pietari. | ||
| 700 | _aRoemmers, A. G. | ||
| 700 | _aTitle. | ||
| 999 |
_c360144 _d360144 |
||